| 000 | 01243nam a2200373 c 4500 | ||
|---|---|---|---|
| 001 | 52938 | ||
| 003 | ES-MaCES | ||
| 005 | 20250203133308.0 | ||
| 008 | 231215s2023 ssp | f|| |000 0 pa | ||
| 017 |
_aM 29173-2023 _bDL |
||
| 020 | _a9788445446553 | ||
| 040 |
_aES-MaCES _bspa _cES-MaCES |
||
| 100 | 1 |
_aRos Benavides, María Jesús _940288 |
|
| 245 | 1 | 0 |
_aDerecho de la protección social _cMaría Jesús Ros Benavides |
| 250 | _a14ª ed | ||
| 260 |
_a[Madrid] _bCentro de Estudios Financieros (CEF) _c[2023] |
||
| 300 |
_a470 p. _c30 cm |
||
| 500 | _aEn cub.: Udima, Universidad a Distancia de Madrid | ||
| 504 | _aBibliografía | ||
| 541 | _cCompra | ||
| 650 | 4 |
_aprotección social _929076 |
|
| 650 | 4 |
_aseguridad social _927034 |
|
| 650 | 4 |
_arégimen universal de prestaciones _930153 |
|
| 650 | 4 |
_alegislación de seguridad social _929855 |
|
| 650 | 4 |
_acampo de aplicación _930263 |
|
| 650 | 4 |
_aEspaña _926964 |
|
| 650 | 4 |
_amanual _929264 |
|
| 653 | 1 | 0 | _aSeguridad Social |
| 710 | 2 |
_91870 _aCentro de Estudios Financieros (Madrid) _eed. |
|
| 710 | 2 |
_936557 _aUniversidad a Distancia de Madrid |
|
| 775 | 0 |
_tDerecho de la protección social _w(ES-MaCES)52513 |
|
| 902 | _aLIB Libro | ||
| 942 |
_2CES _cBK _h3.0. |
||
| 999 |
_c52938 _d52938 |
||